| 000 | 00832nam a2200241 a 4500 | ||
|---|---|---|---|
| 001 | BRCA_4167 | ||
| 005 | 20190320204553.0 | ||
| 008 | 210410s1850----gw-a######---#000-0#ger-# | ||
| 041 | _ager | ||
| 044 | _agw | ||
| 050 | 4 |
_aNE90 _b.H45 1850 |
|
| 100 | 1 |
_aHeller, Joseph _dm. 1849 _910767 |
|
| 245 | 1 | 0 |
_aPraktisches Handbuch für Kupferstichsammler oder Lexicon der Vorzüglichsten und Beliebtesten Kupferstecher, Formschneider, Lithographen etc. etc. ... _cvon Joseph Heller. |
| 260 |
_aLeipzig, Alemania _bT. O. Weigel _c1850 |
||
| 300 |
_a945 p. _bil. _c21 cm. |
||
| 500 | _aDiccionario inventariado por Banco de México como libro | ||
| 500 | _aA26 | ||
| 650 | 1 | 4 |
_aEnciclopedias y diccionarios _99441 |
| 650 | 1 | 4 |
_aGrabados _vCatálogos _910348 |
| 650 | 1 | 4 |
_aGrabadores _vDiccionarios _910768 |
| 902 | _aGFM | ||
| 942 |
_2lcc _cB |
||
| 999 |
_c3883 _d3883 |
||